000 00380nam a22001337a 4500
020 _qPB.
040 _cFIZZA ISHAQ
082 _a973.4092
_bELL
100 _a Ellis, Joseph J.
_9133890
245 _aFounding Brothers: The Revolutionary Generation /
_cJoseph J Ellis.
260 _aNew York:
_bVintage,
_c2000.
300 _a288 p. ;
_c5.16 x 0.69 x 7.99 inches
942 _2ddc
_cBK
999 _c616852
_d616852